| 000 | 00000nam##2200000za#4500 |
| 001 | 9.659544 |
| 003 | CaOODSP |
| 005 | 20200330132247 |
| 007 | ta |
| 008 | 150407|1997||||xxc||||| f|0| 0 fre|d |
| 020 | |a0-662-63135-8 |
| 040 | |aCaOODSP|bfre |
| 041 | |aeng |
| 041 | |afre |
| 043 | |an-cn--- |
| 086 | 1 |aCH4-1/21-1997 |
| 110 | 1 |aCanada.|bGroupe de travail sur la mise en oeuvre de la télévision numérique. |
| 245 | 13|aLa télévision canadienne à l'ère numérique : |brapport du Groupe de travail sur la mise en oeuvre de la télévision numérique |
| 260 | |aOttawa - Ontario : |bGroupe de travail sur la mise en oeuvre de la télévision numérique |c1997. |
| 300 | |aTexte français, 49p. ; |c28 cm. |
| 546 | |aBilingue |
| 563 | |aCouverture souple |
| 590 | |a97-44|b1997-10-31 |
| 776 | 0#|tLa télévision canadienne à l'ère numérique : |w(CaOODSP)9.640493 |
| 776 | 0#|tCanadian television in the digital era : |w(CaOODSP)9.696377 |
| 791 | |tCanadian television in the digital era : |eeng|w(CaOODSP)9.659543 |